Minőségügyi oktatás – Fit For Quality Akadémia – az FAG Magyarország Ipari Kft-nél az autóipari folyamatszemlélet tükrében

Bibliográfiai részletek
Szerző: Éles Márk Roland
További közreműködők: Zarándné Vámosi Dr. Kornélia
Dokumentumtípus: Diplomadolgozat
Kulcsszavak:Minőségbiztosítás
Minőségirányítási rendszerek
Termék-előállítási folyamatok
Online Access:http://dolgozattar.uni-bge.hu/527

MARC

LEADER 00000nta a2200000 i 4500
001 dolg527
005 20150825150121.0
008 150305suuuu hu om 000 hun d
040 |a BGE Dolgozattár Repozitórium  |b hun 
041 |a hu 
100 1 |a Éles Márk Roland 
245 1 0 |a Minőségügyi oktatás – Fit For Quality Akadémia – az FAG Magyarország Ipari Kft-nél az autóipari folyamatszemlélet tükrében  |c Éles Márk Roland  |h [elektronikus dokumentum] 
246 1 1 |a Minőségügyi oktatás – Fit For Quality Akadémia – Az FAG Magyarország Ipari Kft-nél az Autóipari folyamatszemlélet tükrében 
695 |a Minőségbiztosítás 
695 |a Minőségirányítási rendszerek 
695 |a Termék-előállítási folyamatok 
700 1 |a Zarándné Vámosi Dr. Kornélia  |e ths 
856 4 0 |u http://dolgozattar.uni-bge.hu/527/1/szakdolgozat%20k%C3%A9sz%202.pdf  |z Dokumentum-elérés